00866cam a22002534a 4500999001700000001000900017005001700026008004100043010001700084020002700101040001800128042000800146050002200154100002400176245006900200250001200269260004800281300004000329504005300369650001600422700002000438942003300458952012100491 c24807d248071200371320170130104506.0000510s2001 maua b 001 0 eng  a 00104438  a0618023356 (hardcover) aDLCcDLCdDLC apcc00aHF5635b.N44 20011 aNeedles, Belverd E.10aFinancial accounting /cBelverd E. Needles, Jr., Marian Powers. a7th ed. aBoston :bHoughton Mifflin Company,cc2001. axxxv, 825 p. :bcol. ill. ;c29 cm. aIncludes bibliographical references and indexes. 0aAccounting.1 aPowers, Marian. 2lcccBOOKShHF5635 .N44 2001 00102lcc4070aMUCbMUCcSPEd2017-01-30eDonation(BFA)l0oHF5635 .N44 2001p31932r2018-07-26w2017-01-30yBOOKS